000
00268 a2200109 4500
001
50948
040
_c
Anchieta - Pituba
240
1
0
_a
Gincana interna Anchieta 2005
_l
245
1
0
_a
Gincana interna Anchieta 2005
650
4
_a
LĂnguas espanhola e portuguesa
942
_c
MX
999
_c
50948
_d
50948